People in Pictures with Joe Biden - Statistics

General Stats
  • This quiz has been taken 898 times
    588 since last reset
  • The average score is 13 of 20
Answer Stats
Picture Answer % Correct
Barack Obama
100%
Donald Trump
94%
Kamala Harris
89%
Hillary Clinton
88%
Ronald Reagan
87%
King Charles III
85%
Pope Francis
85%
Angela Merkel
82%
Justin Trudeau
78%
Xi Jinping
75%
Emmanuel Macron
73%
Benjamin Netanyahu
69%
John Kerry
53%
David Cameron
48%
Olivia Rodrigo
37%
George Clooney
36%
Julia Louis Dreyfus
32%
Al Sharpton
21%
Sepp Blatter
15%
Tim Howard
10%
No matching quizzes found
Score Distribution
Percent of People with Each Score
Percentile by Number Answered
Your Score History
You have not taken this quiz since the last reset